[Event "11th Aeroflot Open B"]
[Site "Moscow RUS"]
[Date "2012.02.07"]
[Round "1"]
[White "Le Quang Long"]
[Black "Gladyszev,O"]
[Result "1-0"]
[WhiteElo "2316"]
[BlackElo "2458"]

1.d4 Nf6 2.c4 g6 3.Nc3 Bg7 4.e4 d6 5.Nf3 O-O 6.Be2 e5 7.O-O Nc6 8.d5 Ne7
9.Ne1 Nd7 10.f3 f5 11.g4 f4 12.h4 Nf6 13.Nd3 Kh8 14.Bd2 Neg8 15.Be1 Rf7 16.c5 Bf8
17.Rc1 Ne8 18.Kg2 Ngf6 19.Bf2 Bd7 20.Qb3 Bc8 21.Rc2 Be7 22.Qc4 h5 23.g5 Ng4
24.Rh1 Nxf2 25.Kxf2 Kg7 26.a4 Bd7 27.c6 bxc6 28.dxc6 Bc8 29.Rg1 Kf8 30.Rd2 d5
31.Nxd5 Qd6 32.Qc3 Qe6 33.Nxe5 Bd6 34.Nxf7 Kxf7 35.Bc4 Be5 36.Qd3 Kg7 37.Nb6 Qxc6
38.Qd5 Qxb6+ 39.Kg2 Bh3+ 40.Kxh3 Nf6 41.Qf7+  1-0

[Event "11th Aeroflot Open B"]
[Site "Moscow RUS"]
[Date "2012.02.11"]
[Round "5"]
[White "Lalith,B"]
[Black "Wen Yang"]
[Result "1/2-1/2"]
[WhiteElo "2484"]
[BlackElo "2543"]

1.Nf3 Nf6 2.c4 g6 3.Nc3 Bg7 4.e4 d6 5.d4 O-O 6.Be2 e5 7.O-O Nc6 8.d5 Ne7
9.b4 Nh5 10.Re1 f5 11.Ng5 Nf6 12.Bf3 c6 13.Be3 h6 14.Ne6 Bxe6 15.dxe6 fxe4
16.Nxe4 Nxe4 17.Bxe4 d5 18.cxd5 cxd5 19.Bc5 dxe4 20.Qxd8 Rfxd8 21.Bxe7 Re8
22.Bc5 Rxe6 23.Rxe4 Rd8  1/2-1/2

[Event "TCh-NED Meesterklasse 2011-12"]
[Site "Netherlands NED"]
[Date "2012.02.11"]
[Round "6.2"]
[White "Ernst,S"]
[Black "Solleveld,Maa"]
[Result "0-1"]
[WhiteElo "2581"]
[BlackElo "2502"]

1.d4 Nf6 2.c4 g6 3.Nc3 Bg7 4.e4 d6 5.Be2 O-O 6.Nf3 e5 7.O-O Nc6 8.d5 Ne7
9.b4 a5 10.Ba3 axb4 11.Bxb4 b6 12.a4 Ne8 13.Nb5 f5 14.Nd2 Bh6 15.Qb3 Bxd2
16.Bxd2 fxe4 17.Bg5 Nf6 18.f4 exf3 19.Rxf3 Bf5 20.Bh6 Rf7 21.Raf1 Kh8 22.h3 Neg8
23.Bg5 h6 24.Bxf6+ Rxf6 25.g4 Bd7 26.Rxf6 Nxf6 27.Nxc7 Qxc7 28.Rxf6 Kg7 29.Qf3 Bf5
30.gxf5 Kxf6 31.Bd3 g5 32.Qh5 Qg7 33.Kg2 g4 34.h4 Ke7 35.Bc2 Rc8 36.Bd3 e4
37.Be2 Rg8 38.Kf1 g3  0-1

[Event "Frauenbundesliga 2011-12"]
[Site "Germany GER"]
[Date "2012.02.12"]
[Round "9.4"]
[White "Mai,I"]
[Black "Schoene,Mar"]
[Result "1-0"]
[WhiteElo "2115"]
[BlackElo "2186"]

1.d4 Nf6 2.c4 g6 3.Nc3 Bg7 4.e4 d6 5.Nf3 O-O 6.Be2 e5 7.O-O Nc6 8.Be3 Ng4
9.Bg5 f6 10.Bh4 h5 11.dxe5 dxe5 12.Qxd8 Nxd8 13.h3 Nh6 14.Nd5 Ne6 15.Rfd1 Rf7
16.Rac1 c6 17.Ne3 Bf8 18.Ne1 a5 19.f3 Bc5 20.Bf2 b6 21.Nd3 Nd4 22.Bf1 Bd7
23.Nc2 Ne6 24.Nxc5 bxc5 25.Ne1 a4 26.Nd3 Ra5 27.Be3 Kg7 28.f4 exf4 29.Nxf4 Nd4
30.Bxd4 cxd4 31.Rxd4 Re7 32.c5 Nf7 33.b3 axb3 34.axb3 Ng5 35.b4 Ra2 36.b5 Nxe4
37.b6 g5 38.Nd3 Ra8 39.Nb4 Be8 40.Na6 Ng3 41.Nc7 Rb8 42.h4 gxh4 43.Rxh4 Bd7
44.Na6 Rb7 45.Nb4 Nxf1 46.Rxf1 Re5 47.Rc1 Rg5 48.Rd4 Bg4 49.Kh2 Re7 50.Rc2 Bf5
51.Ra2 Be4 52.g3 h4 53.gxh4 Rg4 54.Ra7 Kf7 55.Rxe7+ Kxe7 56.b7  1-0

[Event "11th Aeroflot Open B"]
[Site "Moscow RUS"]
[Date "2012.02.12"]
[Round "6"]
[White "Yuffa,D"]
[Black "Xu Huahua"]
[Result "1-0"]
[WhiteElo "2323"]
[BlackElo "2134"]

1.d4 Nf6 2.c4 g6 3.Nc3 Bg7 4.e4 d6 5.Nf3 O-O 6.Be2 e5 7.O-O Nc6 8.d5 Ne7
9.Ne1 Nd7 10.Be3 f5 11.f3 f4 12.Bf2 g5 13.Rc1 Ng6 14.c5 Nf6 15.cxd6 cxd6
16.Nb5 Rf7 17.Nxa7 g4 18.Nxc8 Rxc8 19.Rxc8 Qxc8 20.Bb6 h5 21.Qc2 Qe8 22.a4 Kh8
23.Kh1 Qg8 24.a5 g3 25.a6 bxa6 26.Bxa6 gxh2 27.Bf2 Qb8 28.Nd3 Rc7 29.Qa4 Nd7
30.b4 Bf6 31.Rc1 Rxc1+ 32.Nxc1 Qc7 33.Qc6 Bd8 34.Nb3 Ne7 35.Qxc7 Bxc7 36.Kxh2 Kh7
37.Na5 Nb6 38.Nb7 Nec8 39.Bb5 Kh6 40.Kh3 Kg5 41.Bg1 Na8 42.Bd7 Ncb6 43.Be8 Nc4
44.Bf2 Kh6 45.Bh4 Nab6 46.Nd8 Ne3 47.Ne6 Bb8 48.Bd8 Nbc4 49.b5 Ba7 50.Be7 Nd1
51.Bf8+ Kh7 52.Kh4 Nde3 53.Kxh5 Nxg2 54.Bf7  1-0

[Event "11th Aeroflot Open B"]
[Site "Moscow RUS"]
[Date "2012.02.12"]
[Round "6"]
[White "Gladyszev,O"]
[Black "Zhang Xiaowen"]
[Result "1/2-1/2"]
[WhiteElo "2458"]
[BlackElo "2348"]

1.d4 Nf6 2.c4 g6 3.Nc3 Bg7 4.e4 d6 5.Nf3 O-O 6.Be2 e5 7.O-O Nc6 8.d5 Ne7
9.Ne1 Nd7 10.Be3 f5 11.f3 f4 12.Bf2 g5 13.a4 Rf6 14.a5 a6 15.Nd3 Rh6 16.Be1 Qe8
17.Nf2 Rg6 18.Na4 Bf8 19.c5 Kh8 20.cxd6 cxd6 21.Rc1 Ng8 22.Rc3 h5 23.h3 Nh6
24.Qc2 Be7 25.Bd2 Rg8 26.Rc1 Rb8  1/2-1/2

[Event "11th Aeroflot Open B"]
[Site "Moscow RUS"]
[Date "2012.02.13"]
[Round "7"]
[White "Bogdanovich,S"]
[Black "Wan Yunguo"]
[Result "1-0"]
[WhiteElo "2513"]
[BlackElo "2428"]

1.d4 Nf6 2.c4 g6 3.Nc3 Bg7 4.e4 d6 5.Nf3 O-O 6.Be2 e5 7.O-O Nc6 8.d5 Ne7
9.b4 a5 10.Ba3 Nd7 11.bxa5 Rxa5 12.Bb4 Ra6 13.a4 f5 14.Ng5 Nc5 15.a5 Bh6
16.Bxc5 dxc5 17.Nf3 g5 18.Nd2 g4 19.exf5 Nxf5 20.Bxg4 Rg6 21.Bxf5 Bxf5 22.Nde4 Bh3
23.Ng3 Bg4 24.Qd3 Qh4 25.Rfb1 Bf4 26.Ra2 Bf5 27.Nxf5 Qxh2+ 28.Kf1 Qxg2+ 29.Ke2 Qg5
30.Qh3 Bh2 31.Ne3 Qf4 32.Rf1 Bg1 33.Kd3 e4+ 34.Nxe4 Qe5 35.Nxc5 Rf4 36.Qc8+ Kf7
37.Qf8+ Kxf8 38.Nd7+ Ke7 39.Nxe5 Rg5 40.a6 bxa6 41.Rxa6 Bxf2 42.d6+  1-0

[Event "11th Aeroflot Open A"]
[Site "Moscow RUS"]
[Date "2012.02.14"]
[Round "8"]
[White "Jankovic,A"]
[Black "Bukavshin,I"]
[Result "1/2-1/2"]
[WhiteElo "2568"]
[BlackElo "2517"]

1.d4 Nf6 2.c4 g6 3.Nc3 Bg7 4.e4 O-O 5.Be2 d6 6.Nf3 e5 7.O-O Nc6 8.d5 Ne7
9.Ne1 Ne8 10.Nd3 f5 11.Bd2 fxe4 12.Nxe4 Nf5 13.Bc3 Nf6 14.Bf3 Nh4 15.Nxf6+ Qxf6
16.Be4 Bf5 17.Qe2 Bxe4 18.Qxe4 Qf5 19.Rae1 Qxe4 20.Rxe4 Nf5 21.g4 Nh6 22.Kg2 b6
23.h3 g5 24.Bd2 Nf7 25.Ree1 Bf6 26.f3 Nh8 27.Nf2 Ng6 28.Ne4 h6 29.b4 Be7
30.a4 a6 31.Ra1 Rf7 32.Be1 Nf4+ 33.Kh2 Raf8 34.Ra3 Ne2 35.Re3 Nd4 36.Kg2 Nc2
37.Rd3 Nd4 38.Bc3 Ne2 39.Bd2 Nd4 40.Rf2 Nc2 41.Kg3 Kh7 42.Bc3 Na3 43.c5 dxc5
44.bxc5 Bxc5 45.Nxc5 bxc5 46.Bxe5 Nc4 47.Ba1 Rd8 48.Rc2 Nb6 49.Rxc5 Nxa4
50.Rc6 Nb6 51.d6 Nc8 52.Rdc3 Nxd6 53.Rxc7 Rf8 54.R7c6 Nb5 55.Re3 Nc7 56.Rd3 Nd5
57.Rb3 a5 58.Ra6 Nf4 59.Rbb6 Ne6 60.Kg2 Rxf3 61.Rb7+ Kg8 62.Rxe6 Rf2+ 63.Kg1 Rf1+
64.Kg2 R1f2+ 65.Kg1 Rf1+  1/2-1/2

[Event "ch-Central Serbia 2012"]
[Site "Pozarevac SRB"]
[Date "2012.02.14"]
[Round "2.12"]
[White "Nenezic,M"]
[Black "Djokic,Neb"]
[Result "1-0"]
[WhiteElo "2356"]
[BlackElo "2191"]

1.Nf3 Nf6 2.c4 g6 3.Nc3 Bg7 4.e4 d6 5.d4 O-O 6.Be2 e5 7.O-O Nc6 8.d5 Ne7
9.b4 Nh5 10.Re1 f5 11.Ng5 Nf6 12.Bf3 c6 13.Qb3 h6 14.Ne6 Bxe6 15.dxe6 Qc8
16.b5 Qxe6 17.Ba3 c5 18.Rad1 f4 19.Be2 Rad8 20.Rd3 b6 21.Bb2 g5 22.f3 h5
23.a4 g4 24.a5 Nh7 25.Qd1 Nf6 26.Na4 Nc8 27.Ra3 Rf7 28.Nc3 Bf8 29.Nd5 Nxd5
30.exd5 Qg6 31.fxg4 Rg7 32.h3 bxa5 33.Bd3 Qg5 34.Bf5 Nb6 35.Qe2 a4 36.g3 h4
37.Be6+ Kh8 38.gxf4 Qxf4 39.Rf3 Qxc4 40.Qf2 Be7 41.Rf5 Rdg8  1-0

[Event "11th Aeroflot Open B"]
[Site "Moscow RUS"]
[Date "2012.02.15"]
[Round "9"]
[White "Swayams,M"]
[Black "Xu Huahua"]
[Result "1-0"]
[WhiteElo "2386"]
[BlackElo "2134"]

1.d4 Nf6 2.c4 g6 3.Nc3 Bg7 4.e4 d6 5.Nf3 O-O 6.Be2 e5 7.O-O Nc6 8.d5 Ne7
9.Ne1 Nd7 10.Be3 f5 11.f3 f4 12.Bf2 g5 13.a4 Ng6 14.a5 Rf7 15.Nb5 Nf6 16.Nxa7 g4
17.Nxc8 g3 18.hxg3 Nh5 19.Nxd6 cxd6 20.Bb6 Qg5 21.g4 Ng3 22.Nd3 h5 23.Nf2 hxg4
24.Nxg4 Bf8 25.Kf2 Qh4 26.Ke1 Nxf1+ 27.Kxf1 Be7 28.Bg1 Qh1 29.Nf2 Qh5 30.Ke1 Nh4
31.Bf1 Rg7 32.Ng4 Kh8 33.Kd2 Rag8 34.Bf2 Rxg4 35.fxg4 Rxg4 36.Be2 f3 37.Bxf3 Nxf3+
38.Qxf3 Qg6 39.Kd3 Rf4 40.Rh1+ Kg8 41.Qe2 Bf8 42.g3 Rg4 43.Qf3 Rg5 44.Be3 Rg4
45.b4 Bg7 46.Rh3 Bf8 47.b5  1-0

[Event "TCh-HUN 2011-12"]
[Site "Budapest HUN"]
[Date "2012.02.19"]
[Round "6"]
[White "Hujbert,F"]
[Black "Popovic,Du"]
[Result "0-1"]
[WhiteElo "2387"]
[BlackElo "2579"]

1.Nf3 Nf6 2.d4 g6 3.c4 Bg7 4.Nc3 d6 5.e4 O-O 6.Be2 e5 7.O-O Nc6 8.d5 Ne7
9.Bg5 Nh5 10.Ne1 Nf4 11.Nd3 Nxe2+ 12.Qxe2 h6 13.Be3 g5 14.g4 Ng6 15.f3 Nf4
16.Nxf4 exf4 17.Bf2 h5 18.h3 Be5 19.Kg2 Qf6 20.Rad1 Bd7 21.Qd3 Kg7 22.Bd4 Rh8
23.Bxe5 dxe5 24.Rh1 Rh6 25.Rdf1 Rah8 26.Nd1 hxg4 27.hxg4 Bxg4 28.fxg4 f3+
29.Rxf3 Rxh1 30.Rxf6 R8h2+ 31.Kf3 Rh3+ 32.Ke2 Rxd3 33.Kxd3 Kxf6 34.Ne3 Rh2  0-1

[Event "ch-Central Serbia 2012"]
[Site "Pozarevac SRB"]
[Date "2012.02.19"]
[Round "9.20"]
[White "Arsenijevic,I"]
[Black "Rajkovic,A"]
[Result "1/2-1/2"]
[WhiteElo "2172"]
[BlackElo "2126"]

1.d4 Nf6 2.Nf3 g6 3.c4 Bg7 4.Nc3 O-O 5.e4 d6 6.Be2 Nc6 7.O-O e5 8.d5 Ne7
9.b4 Ne8 10.c5 f5 11.Nd2 f4  1/2-1/2

[Event "10th Nancy Masters B 2012"]
[Site "Nancy FRA"]
[Date "2012.02.21"]
[Round "2"]
[White "Bellahcene,B"]
[Black "Alfred,N"]
[Result "1-0"]
[WhiteElo "2328"]
[BlackElo "2288"]

1.d4 Nf6 2.c4 g6 3.Nc3 Bg7 4.e4 d6 5.Nf3 O-O 6.Be2 Nc6 7.O-O e5 8.d5 Ne7
9.Bd2 Nd7 10.Ne1 f5 11.f3 f4 12.Nd3 Nf6 13.c5 Rf7 14.Rc1 g5 15.Nb5 Ng6 16.Ba5 b6
17.cxd6 cxd6 18.Be1 a6 19.Nc3 h5 20.Nb4 g4 21.Na4 g3 22.Nc6 Qe8 23.Nxb6 Nh4
24.hxg3 fxg3 25.Bxg3 Ng6 26.Qd2 h4 27.Bh2 Kh7 28.Nxa8 Bh6 29.Qa5 Be3+ 30.Kh1 Bd7
31.Qd8 Bxc6 32.Qxe8 Bxe8 33.Rc7 Ne7 34.f4 Kg8 35.Rc3 Bd4 36.Nc7 Bd7 37.fxe5 Bxc3
38.bxc3 dxe5 39.d6 Nc8 40.Bc4 Nxd6 41.Bxf7+ Kxf7 42.Bxe5 Nxe4 43.Nd5 Bc8  1-0

[Event "ch-BUCA 2012"]
[Site "High Wycombe ENG"]
[Date "2012.02.25"]
[Round "3"]
[White "Nestor,K"]
[Black "Iyengar,I"]
[Result "0-1"]
[WhiteElo "2093"]
[BlackElo "1977"]

1.d4 Nf6 2.Nf3 g6 3.c4 Bg7 4.Nc3 d6 5.e4 O-O 6.Be2 e5 7.O-O Nc6 8.dxe5 Nxe5
9.Nxe5 dxe5 10.Bg5 c6 11.Qc2 Be6 12.Rfd1 Qc7 13.a3 Ne8 14.Qd2 f6 15.Be3 Rf7
16.b4 Rd7 17.Qe1 Rad8 18.Rxd7 Rxd7 19.Rd1 b6 20.c5 b5 21.Rd2 a5 22.Qd1 a4
23.Nxb5 cxb5 24.Bxb5 Rxd2 25.Qxd2 Kf7 26.Bxa4 Bf8 27.Bxe8+ Kxe8 28.a4 Qc6
29.Qc2 f5 30.f3 fxe4 31.b5 Qd5 32.fxe4 Qb3 33.Qxb3 Bxb3 34.b6 Kd7 35.a5 Bc4
36.b7 Kc7 37.c6 Kb8  0-1

[Event "10th Nancy Masters B 2012"]
[Site "Nancy FRA"]
[Date "2012.02.25"]
[Round "8"]
[White "Alfred,N"]
[Black "Le Corre,B"]
[Result "1/2-1/2"]
[WhiteElo "2288"]
[BlackElo "2312"]

1.d4 Nf6 2.c4 g6 3.Nc3 Bg7 4.e4 d6 5.Be2 O-O 6.Nf3 e5 7.O-O Nc6 8.d5 Ne7
9.a4 a5 10.b3 Nd7 11.Ba3 b6 12.b4 axb4 13.Bxb4 Nc5 14.a5 f5 15.Ng5 h6 16.Bxc5 bxc5
17.Ne6 Bxe6 18.dxe6 c6 19.a6 Qc7 20.Qa4 Ra7 21.Rfb1 Rfa8 22.Bf3 Kh7 23.Ra2 Bf8
24.h4 Kg7 25.h5 f4 26.hxg6 Rxa6 27.Qc2 Rxa2 28.Nxa2 Qc8 29.Bg4 Nxg6 30.Bf5 Be7
31.Nc3 Rb8 32.Ra1 Qb7 33.Qe2 Qb2 34.Qxb2 Rxb2 35.Ra7 Rc2 36.Na4 Ra2 37.Bxg6 Kxg6
38.Rxe7 Rxa4 39.Rf7 Ra1+ 40.Kh2 Ra8 41.Rd7 Kf6 42.e7 Re8 43.Rxd6+ Kxe7 44.Rxc6 Rd8
45.Rxc5 Ke6 46.Rd5 Ra8 47.c5 Ra2 48.f3 Rc2 49.Rd6+ Ke7 50.Rxh6 Rxc5 51.Kh3 Rc2
52.Ra6 Rc8 53.Kg4 Rh8 54.Rg6 Rf8 55.Kg5 Kd7 56.Ra6 Rh8 57.Rh6 Rf8 58.Rg6 Ke7
59.Kh6 Kf7 60.Kg5 Ke7 61.Kg4 Kd7 62.Rb6 Ke7 63.Kg5 Rh8 64.Kg6 Rh2 65.Kf5 Rh5+
66.Kg6 Rh2 67.Kg5 Rh8 68.Rc6 Rh2 69.Rh6 Rxg2+ 70.Kf5 Rg3  1/2-1/2

[Event "32nd TCh-IND 2012"]
[Site "Panaji IND"]
[Date "2012.02.27"]
[Round "1"]
[White "Arun Prasad,S"]
[Black "Singhai,Niklesh Jain"]
[Result "1-0"]
[WhiteElo "2530"]
[BlackElo "1955"]

1.d4 Nf6 2.c4 g6 3.Nc3 Bg7 4.e4 d6 5.Nf3 O-O 6.Be2 e5 7.O-O Nc6 8.d5 Ne7
9.b4 Ne8 10.c5 f5 11.Nd2 f4 12.Nc4 g5 13.a4 Rf6 14.Ba3 Rh6 15.a5 Bf8 16.b5 Ng6
17.b6 axb6 18.axb6 g4 19.Bxg4 Qh4 20.h3 Nf6 21.Bxc8 Rxc8 22.c6 bxc6 23.b7 Rb8
24.dxc6 Qg5 25.Nd5 Nh4 26.Nxf6+ Qxf6 27.Bb2 Rg6 28.Kh1 Rxg2 29.Qd5+ Kg7 30.Rg1 Qg5
31.Nxe5  1-0

[Event "4th Coral Colon IM"]
[Site "Sabadell ESP"]
[Date "2012.03.02"]
[Round "4"]
[White "Rojas Keim,L"]
[Black "Lorenzo de la Riva,L"]
[Result "1/2-1/2"]
[WhiteElo "2418"]
[BlackElo "2412"]

1.d4 Nf6 2.c4 g6 3.Nc3 Bg7 4.e4 d6 5.Be2 O-O 6.Nf3 e5 7.O-O Nc6 8.d5 Ne7
9.b4 Nh5 10.Re1 f5 11.Ng5 Nf6 12.Bf3 c6 13.Be3 a6 14.Ne6 Bxe6 15.dxe6 fxe4
16.Nxe4 Nxe4 17.Bxe4 d5 18.cxd5 cxd5 19.Bc5 dxe4 20.Qxd8 Rfxd8 21.Bxe7 Re8
22.Bc5 Rxe6 23.Rxe4 b6 24.Be3 Rd8 25.h4 a5 26.bxa5 bxa5 27.Ra4 Rd5  1/2-1/2

[Event "TCh-AUT 2 Mitte 2011-12"]
[Site "St. Veit AUT"]
[Date "2012.03.02"]
[Round "7"]
[White "Kozul,Z"]
[Black "Weiss,C"]
[Result "1-0"]
[WhiteElo "2541"]
[BlackElo "2402"]

1.d4 Nf6 2.Nf3 g6 3.c4 Bg7 4.Nc3 O-O 5.e4 d6 6.Be2 e5 7.O-O Nc6 8.d5 Ne7
9.b4 a5 10.bxa5 Rxa5 11.Nd2 Nd7 12.Nb3 Ra8 13.a4 f5 14.a5 fxe4 15.Nxe4 Nf5
16.c5 Nf6 17.Bg5 h6 18.Bxf6 Bxf6 19.Bb5 dxc5 20.Nbxc5 Nd4 21.Bc4 Kg7 22.Qb1 b6
23.axb6 Rxa1 24.Qxa1 cxb6 25.Ne6+ Bxe6 26.dxe6 b5 27.Ba2 Qe7 28.Qb2 b4 29.Rc1 b3
30.Bxb3 Rb8 31.Rc3 Nxe6 32.Qc2 Nd4 33.Qd3 Rxb3 34.Rxb3 Nxb3 35.Qxb3 Qc7 36.f3 Qc6
37.Qb8 Qd7 38.Qg8+  1-0

[Event "TCh-AUT 2 Ost 2011-12"]
[Site "Bruck AUT"]
[Date "2012.03.03"]
[Round "6"]
[White "Lovrinovic,C"]
[Black "Steinert,Mart"]
[Result "1/2-1/2"]
[WhiteElo "2191"]
[BlackElo "2075"]

1.d4 Nf6 2.c4 g6 3.Nc3 Bg7 4.e4 d6 5.Nf3 O-O 6.Be2 e5 7.O-O Nc6 8.d5 Ne7
9.b4 a5 10.Ba3 Nh5 11.c5 axb4 12.Bxb4 Nf4 13.Nd2 f5 14.f3 fxe4 15.fxe4 Kh8
16.cxd6 cxd6 17.Nc4 Ra6 18.Nb5 Bd7 19.Ncxd6 Rxd6 20.Bxd6 Nxe2+ 21.Qxe2 Qb6+
22.Kh1 Rxf1+ 23.Rxf1 Bxb5 24.Qb2 Nc8 25.Bc7 Qxc7 26.Qxb5 Nd6 27.Qa4 h5 28.g3 Qc3
29.Kg2 Nc4 30.Rf7 Qd2+ 31.Kh3 Qe2 32.Qd7 Ne3 33.Qe8+ Kh7 34.Rxg7+ Kxg7  1/2-1/2

[Event "TCh-AUT 2 Mitte 2011-12"]
[Site "St. Veit AUT"]
[Date "2012.03.03"]
[Round "8"]
[White "Kozul,Z"]
[Black "Karner,C"]
[Result "1-0"]
[WhiteElo "2541"]
[BlackElo "2381"]

1.d4 Nf6 2.Nf3 g6 3.c4 Bg7 4.Nc3 O-O 5.e4 d6 6.Be2 e5 7.O-O Nc6 8.d5 Ne7
9.Ne1 Nd7 10.Nd3 f5 11.Bd2 fxe4 12.Nxe4 Nf5 13.Bc3 Nf6 14.Bf3 Bd7 15.Qd2 Nh5
16.Bxh5 gxh5 17.f4 c6 18.fxe5 cxd5 19.Nf6+ Kh8 20.cxd5 dxe5 21.Nxh5 Bh6 22.Bxe5+ Kg8
23.Bf4 Bxf4 24.Qxf4 Qb6+ 25.Rf2 Qg6 26.Ne5 Qxh5 27.Nxd7 Rf7 28.Ne5 Rff8 29.g4  1-0

[Event "2nd HD Bank Cup 2012"]
[Site "Ho Chi Minh City VIE"]
[Date "2012.03.04"]
[Round "5.27"]
[White "Tran Ngoc Thach"]
[Black "Tran Tuan Minh"]
[Result "1/2-1/2"]
[WhiteElo "2212"]
[BlackElo "2249"]

1.d4 Nf6 2.c4 g6 3.Nc3 Bg7 4.e4 d6 5.Nf3 O-O 6.Be2 e5 7.O-O Nc6 8.d5 Ne7
9.Ne1 h6 10.Nd3 g5 11.c5 Ng6 12.Be3 Nf4 13.f3 Nh7 14.Nb5 a6 15.Na3 f5 16.cxd6 cxd6
17.Nc4 fxe4 18.fxe4 Nxe2+ 19.Qxe2 Nf6 20.Nf2 Rb8 21.Nb6 Bd7 22.Nxd7 Qxd7
23.Bd2 Rbc8 24.Bc3 Rf7 25.Nh1 h5 26.Nf2 Bh6 27.Rac1 Kg7 28.Bd2 Kg6 29.Rxc8 Qxc8
30.Rc1 Rc7 31.Rxc7 Qxc7 32.Qd3 g4 33.Bxh6 Kxh6 34.Qd2+ Kg6 35.b3 Qc5 36.Kf1 a5
37.g3 a4 38.bxa4 Qc4+ 39.Qe2 Qxa4 40.Kg2 Qd4 41.h3 gxh3+ 42.Kxh3 Nh7 43.Kh4 Nf6
44.Qf3 b5 45.Qf5+ Kg7 46.g4 hxg4 47.Nxg4 Nxe4 48.Qd7+ Kg6  1/2-1/2

[Event "TCh-AUT 2 Mitte 2011-12"]
[Site "St. Veit AUT"]
[Date "2012.03.04"]
[Round "9"]
[White "Enoeckl,P"]
[Black "Steiner,Stef"]
[Result "1/2-1/2"]
[WhiteElo "2292"]
[BlackElo "2272"]

1.d4 Nf6 2.Nf3 g6 3.c4 Bg7 4.Nc3 O-O 5.e4 d6 6.Be2 e5 7.O-O Nc6 8.d5 Ne7
9.Ne1 Nd7 10.f3 f5 11.Be3 f4 12.Bf2 g5 13.a4 a6 14.Nd3 Rf6 15.Rc1 Rh6 16.Be1 Nf6
17.Nf2 Rg6 18.a5 h5 19.h3 g4 20.fxg4 hxg4 21.Nxg4 Nxg4 22.Bxg4 Bxg4 23.hxg4 Bh6
24.Qf3 Qd7 25.Qh3 Kf7 26.Nd1 Qxg4 27.Qxg4 Rxg4 28.Rf3 Ke8 29.Rh3 Rg6 30.Rcc3  1/2-1/2

[Event "TCh-AUT 2 Mitte 2011-12"]
[Site "St. Veit AUT"]
[Date "2012.03.04"]
[Round "9"]
[White "Aschenbrenner,R"]
[Black "Eichert,W"]
[Result "1-0"]
[WhiteElo "2270"]
[BlackElo "2161"]

1.d4 Nf6 2.Nf3 g6 3.c4 Bg7 4.Nc3 O-O 5.e4 d6 6.Be2 e5 7.O-O Nc6 8.Be3 Ng4
9.Bg5 f6 10.Bc1 Nh6 11.d5 Ne7 12.Ne1 Nf7 13.Nd3 Bh6 14.c5 Bxc1 15.Rxc1 c6
16.Qb3 Kg7 17.Rfd1 cxd5 18.exd5 Nf5 19.Qa3 Nd4 20.Bf1 Bf5 21.Nf4 dxc5 22.Qxc5 b6
23.Qa3 Ng5 24.Nfe2 Nxe2+ 25.Bxe2 Rf7 26.f3 a6 27.h4 b5 28.hxg5 Qb6+ 29.Kf1 b4
30.Qb3 fxg5 31.Na4 Qa7 32.Qxb4 g4 33.Qc5 gxf3 34.gxf3 Bh3+ 35.Kf2 Qd7 36.Nb6 Qg4
37.Nxa8 Qh4+ 38.Ke3 Bf5 39.Rh1 Qg5+ 40.Kf2 Bg4 41.Qe3  1-0

[Event "TCh-AUT 2 Mitte 2011-12"]
[Site "St. Veit AUT"]
[Date "2012.03.04"]
[Round "9"]
[White "Karner,C"]
[Black "Ertl,J"]
[Result "1-0"]
[WhiteElo "2381"]
[BlackElo "2274"]

1.d4 Nf6 2.c4 g6 3.Nc3 Bg7 4.e4 d6 5.Be2 O-O 6.Nf3 e5 7.O-O Nc6 8.d5 Ne7
9.Ne1 Ne8 10.f3 f5 11.g4 Kh8 12.Ng2 Ng8 13.h4 Ngf6 14.Bd2 Rf7 15.Rc1 Bf8
16.exf5 gxf5 17.g5 Nh5 18.f4 Ng3 19.Rf2 Nxe2+ 20.Nxe2 c6 21.Ng3 b5 22.dxc6 bxc4
23.Rxc4 e4 24.Nh5 Be6 25.Rc1 Rc8 26.Bc3+ Kg8 27.Qd4 Bg7 28.Nxg7 Nxg7 29.h5 Rxc6
30.h6 Rc4 31.Qe3 Ne8 32.b3 Rc5 33.Qd4 Kf8 34.Rd1 Ke7 35.Rfd2 Qb6 36.Ne3 a5
37.Bxa5 Qxa5 38.b4 Qa3 39.bxc5 dxc5 40.Qd8+ Kf8 41.Kf2 c4 42.Qd4 c3 43.Rc2 Qa7
44.Qxc3 Nc7 45.Qh8+ Ke7 46.Qd8+  1-0

[Event "PriFO Champ RUS 2012"]
[Site "Tolyatti RUS"]
[Date "2012.03.05"]
[Round "8.15"]
[White "Dudukin,Ilya"]
[Black "Trifonov,P"]
[Result "1-0"]
[WhiteElo "2390"]
[BlackElo "2222"]

1.Nf3 Nf6 2.c4 g6 3.Nc3 Bg7 4.e4 d6 5.d4 O-O 6.Be2 e5 7.O-O Nc6 8.d5 Ne7
9.Nd2 c5 10.dxc6 bxc6 11.b4 d5 12.Ba3 Be6 13.b5 d4 14.Na4 cxb5 15.cxb5 d3
16.Bf3 Rb8 17.Nc5 Bd7 18.Nxd7 Qxd7 19.Rb1 Rfe8 20.Nc4 Nc8 21.Qb3 Nb6 22.Nxe5 Rbc8
23.Bb2 Rc5 24.a4 Rec8 25.Rfd1 d2 26.Nc6  1-0

[Event "PriFO Champ RUS 2012"]
[Site "Tolyatti RUS"]
[Date "2012.03.05"]
[Round "8.9"]
[White "Ayupov,D"]
[Black "Bukavshin,I"]
[Result "1/2-1/2"]
[WhiteElo "2360"]
[BlackElo "2517"]

1.d4 Nf6 2.c4 g6 3.Nc3 Bg7 4.e4 d6 5.Nf3 O-O 6.Be2 e5 7.O-O Nc6 8.d5 Ne7
9.Ne1 Ne8 10.f3 f5 11.g4 c6 12.Ng2 f4 13.h4 a6 14.Rb1 b5 15.dxc6 b4 16.Nd5 Nxc6
17.Ndxf4 Nc7 18.Nd5 Ne6 19.Be3 Ned4 20.f4 exf4 21.Rxf4 Rxf4 22.Bxf4 Ra7 23.g5 Rf7
24.Bg4 Qf8 25.Kh2 Bxg4 26.Qxg4 Ne5 27.Qh3 Nef3+ 28.Kh1 Qe8 29.Bxd6 Nd2 30.Re1 N4f3
31.Re2 Nd4 32.Re1 N4f3 33.Re2 Bd4 34.Qg4 Be5 35.Nf6+ Rxf6 36.gxf6 Bxd6 37.Nf4 Nd4
38.Nxg6 hxg6 39.Rxd2 Be5 40.h5 Bxf6 41.Qxg6+ Qxg6 42.hxg6 Kg7 43.c5 Kxg6
44.c6 Nxc6 45.Rd6 Ne5 46.Rxa6 Nd3 47.a3 bxa3 48.bxa3 Nf2+ 49.Kg2 Nxe4 50.Rc6 Kf5
51.a4 Ke5 52.Kf3 Kd5 53.Rc8 Nd2+ 54.Ke2 Nc4  1/2-1/2

[Event "European Ind w 2012"]
[Site "Gaziantep TUR"]
[Date "2012.03.06"]
[Round "5"]
[White "Vojinovic,J"]
[Black "Hairapetian,A"]
[Result "1-0"]
[WhiteElo "2356"]
[BlackElo "2227"]

1.d4 Nf6 2.c4 g6 3.Nc3 Bg7 4.e4 d6 5.Nf3 O-O 6.Be2 e5 7.O-O Nc6 8.d5 Ne7
9.Kh1 Ne8 10.Ng1 f5 11.f4 c5 12.Nh3 h6 13.Bd2 a6 14.a4 Rb8 15.Ra3 Bd7 16.a5 b5
17.axb6 Qxb6 18.Bc1 fxe4 19.fxe5 Rxf1+ 20.Bxf1 dxe5 21.Nxe4 Bf5 22.Nhf2 Nd6
23.Nxd6 Qxd6 24.g4 Bd7 25.Ne4 Qb6 26.Be2 g5 27.Qg1 Rc8 28.Qe1 Qg6 29.Bd1 Kh8
30.Kg1 Ng8 31.h3 Nf6 32.Nxf6 Qxf6 33.Qe4 h5 34.Bc2 Kg8 35.gxh5 Rf8 36.Qh7+ Kf7
37.Qg6+ Kg8 38.Qxf6 Bxf6 39.Kg2 Be8 40.h6 Bh5 41.Rg3 Kh8 42.Bxg5 Bxg5 43.Rxg5 Bf3+
44.Kg3 Be2 45.Rxe5 Bxc4 46.d6 Rd8 47.Rxc5 Bg8 48.Rc6 a5 49.Bf5 a4 50.Rc8 a3
51.Rxd8  1-0

[Event "European Ind w 2012"]
[Site "Gaziantep TUR"]
[Date "2012.03.06"]
[Round "5"]
[White "Tsiganova,M"]
[Black "Menzi,N"]
[Result "1-0"]
[WhiteElo "2185"]
[BlackElo "1902"]

1.d4 Nf6 2.c4 g6 3.Nc3 Bg7 4.e4 d6 5.Be2 O-O 6.Nf3 e5 7.O-O Nc6 8.d5 Ne7
9.a4 Nh5 10.Re1 Nf4 11.Bf1 f5 12.Bxf4 exf4 13.e5 dxe5 14.Nxe5 g5 15.c5 Ng6
16.Nxg6 hxg6 17.Bc4 g4 18.Qd2 Bh6 19.d6+ Kh8 20.Re7 Rf6 21.Rae1 Bf8 22.Re8 Qd7
23.R1e7 Qc6 24.Rxf8+ Rxf8 25.Qd4+  1-0

[Event "Reykjavik Open"]
[Site "Reykjavik ISL"]
[Date "2012.03.06"]
[Round "1.54"]
[White "Johannesson,I"]
[Black "Antonsson,Atli"]
[Result "1-0"]
[WhiteElo "2331"]
[BlackElo "1849"]

1.c4 d6 2.Nc3 Nf6 3.Nf3 g6 4.d4 Bg7 5.e4 O-O 6.Be2 e5 7.O-O Nc6 8.d5 Ne7
9.Ne1 Nd7 10.Nd3 f5 11.Bd2 Nf6 12.f3 f4 13.c5 g5 14.Rc1 Ng6 15.Nb5 Ne8 16.Ba5 dxc5
17.d6 b6 18.Nxc5 cxd6 19.Qd5+ Kh8 20.Qxa8 bxa5 21.Na4 Nf6 22.Nxa7 Be6 23.Qxd8 Rxd8
24.Bc4 Bxc4 25.Rxc4 d5 26.exd5 Rxd5 27.Nc3 Rd2 28.Rf2 Rd7 29.Nc6 g4 30.Rc2 h5
31.Kf2 h4 32.h3 gxh3 33.gxh3 Nh5 34.Ne4 Ng3 35.Nxa5 Rd1 36.Nb3 Ne7 37.Rc1 Rd3
38.R1c3 Rd1 39.Nbd2 Rh1 40.Kg2 Ra1 41.a3 Re1 42.Rc1 Re2+ 43.Kg1 Nef5 44.Rc8+ Kh7
45.Rd8 Nd4 46.Rd1 Nc2 47.Nf2 e4 48.Ndxe4 Ne3 49.Rb1 Bxb2 50.Rd7+ Kg6 51.Rd6+ Kf7
52.Rd3 Bxa3 53.Rxa3 Nc4 54.Ra6 Nb2 55.Ng5+ Ke7 56.Re6+ Rxe6 57.Nxe6  1-0

[Event "Zagreb Open A"]
[Site "Zagreb CRO"]
[Date "2012.03.06"]
[Round "2.3"]
[White "Saric,A"]
[Black "Smith,Bry"]
[Result "1/2-1/2"]
[WhiteElo "2523"]
[BlackElo "2450"]

1.Nf3 g6 2.e4 Bg7 3.d4 d6 4.c4 Nf6 5.Nc3 O-O 6.Be2 e5 7.O-O Nc6 8.Be3 Ng4
9.Bg5 f6 10.Bc1 f5 11.Bg5 Qd7 12.exf5 exd4 13.Nb5 Rxf5 14.Bc1 Rf8 15.Nbxd4 Nge5
16.Be3 Ng4 17.Bc1 Nge5 18.Be3 Ng4 19.Bc1  1/2-1/2

[Event "83rd ch-GER 2012"]
[Site "Osterburg GER"]
[Date "2012.03.07"]
[Round "6"]
[White "Koehler,G2"]
[Black "Bastian,H"]
[Result "0-1"]
[WhiteElo "2122"]
[BlackElo "2343"]

1.d4 Nf6 2.c4 g6 3.Nc3 Bg7 4.e4 O-O 5.Be2 d6 6.Nf3 e5 7.O-O Nc6 8.d5 Ne7
9.Ne1 Ne8 10.Nd3 f5 11.Bd2 Nf6 12.f3 f4 13.c5 Rf7 14.cxd6 cxd6 15.a4 g5 16.Rc1 Ng6
17.Nf2 h5 18.h3 Bf8 19.Nb5 a6 20.Na3 Rg7 21.a5 g4 22.fxg4 hxg4 23.Bxg4 Bxg4
24.Nxg4 Nxg4 25.Qxg4 Nh4 26.Qe6+ Kh7 27.g4 b5 28.Be1 Qg5 29.Rc8 Rxc8 30.Qxc8 Rf7
31.Nc2 Be7 32.Bxh4 Qxh4 33.Rf3 Bd8 34.Qc3 Rc7 35.Qd2 Rc4 36.b4 Qh6 37.Rc3 Rxe4
38.Qd3 Qg6 39.Rc6 f3 40.Qxf3 Rf4 41.Qg2 Bh4 42.Ne3 Qb1+ 43.Nf1 Rf2 44.Qxf2 Bxf2+
45.Kxf2 Qxb4 46.Ne3 Qf4+ 47.Ke2 e4 48.Nf5 Qf3+ 49.Kd2 Qd3+ 50.Kc1 e3 51.Rxd6 Qd2+
52.Kb1 Qb4+ 53.Kc2 Qd2+ 54.Kb1 e2  0-1